=LDR 00000nam 2200000 4500 =001 INLIS000000000000162 =005 20150225085459.0 =006 =007 =008 Ind =035 ##$$0010-061300000000162 =041 ##$$a Ind =082 ##$$a 92(Wright) =090 ##$$a 92(Wright) Spr w =100 ##$$a Sproule, Anna =245 ##$$a Wrightbersaudara, kisah tentang perjuangan membuat dan menerbangkan pesawat pertama, pesawat terbang / Anna Sproule; alih bahasa, Alex Tri Kantjono Widodo =260 ##$$aJakarta$bGramedia Pustaka Utama$c1992 =300 ##$$a 100 hlm. : ilus. ; 21 cm =650 ##$$a Wright Bersaudara =700 ##$$a Widodo, Alex Tri Kancono =850 ##$$a NBPNMAT